Islam : Ekonomi dan Pengurusan
| Main Author: | |
|---|---|
| Format: | Book |
| Published: |
Shah Alam :
Hizbi ,
1989
|
| Subjects: |
MARC
| LEADER | 00000cam a2200000 7i4500 | ||
|---|---|---|---|
| 001 | 0000000233 | ||
| 005 | 20050627.0 | ||
| 020 | |a 9679964825 | ||
| 040 | |a INS | ||
| 090 | 0 | 0 | |a BP173.75. |b S980 1989 |
| 100 | 0 | |a Syed Othman Alhabshi | |
| 245 | 1 | 0 | |a Islam : |b Ekonomi dan Pengurusan |c Syed Othman Alhabshi |
| 260 | |a Shah Alam : |b Hizbi , |c 1989 | ||
| 300 | |a 123p ; |c 21cm. | ||
| 500 | |a Library has two copies | ||
| 650 | 0 | 0 | |a Islam and Economics |
| 650 | 0 | 0 | |a Islamic Ethics |
| 999 | |a 0000003937 |b BOOK |c Open Shelf |e Default branch | ||